000 00549nam a2200217Ia 4500
003 OSt
005 20220926044220.0
006 a|||||r|||| 00| 0
007 ta
008 220923b |||||||| |||| 00| 0 eng d
037 _cGeneral Book
040 _aRTL
_cRTL
_beng
041 _2eng
_aeng
082 _aSigma.4367g, M2
245 0 _aBRUNEI, BRUNEI, department of State Secretariat
260 _c1995
490 _v1982
650 _aSocial Sciences
942 _hSigma.4367g, M2
_cGB
_2CC
999 _c674290
_d674290